| 000 | 01013cam a22002651 4500 | ||
|---|---|---|---|
| 001 | gs 65000394 | ||
| 003 | DLC | ||
| 005 | 20260227111418.0 | ||
| 008 | 780125s1965 dcuab b f000 0 eng c | ||
| 010 | _ags 65000394 | ||
| 035 | _a(OCoLC)3580510 | ||
| 040 |
_aU.S. Geol Survey. Libr. _cOClU _dOCoLC _dISS _dDLC |
||
| 042 | _apremarc | ||
| 050 | 0 | 0 |
_aQE75 _b.P9 no. 479 |
| 086 | 0 | _aI 19.16:479/ | |
| 100 | 1 |
_aAlbritton, Claude C., _d1913- |
|
| 245 | 1 | 0 |
_aGeology of the Sierra Blanca area; Hudspeth County, Texas, _cby Claude C. Albritton, Jr. and J. Fred Smith, Jr. |
| 260 |
_aWashington, _bU.S. Govt. Print. Off., _c1965. |
||
| 300 |
_avi, 131 p. _billus., and maps. _c29 cm. _eand portfolio (7 fold. illus. (2 col.), 3 col. maps) |
||
| 410 | 2 | 0 |
_aGeological Survey (U.S.). _tProfessional paper, _v479 |
| 504 | _aBibliography: p. 124-128. | ||
| 650 | 0 |
_aGeology _zTexas _zHudspeth County. |
|
| 700 | 1 |
_aSmith, J. Fred _q(Joe Fred), _d1911- _ejoint author. |
|
| 740 | 0 | _aSierra Blanca area, Hudspeth County, Texas. | |
| 999 |
_c30125 _d30125 |
||